Vainqueurs de Grands Prix de Formule 1 - Statistiques

Statistiques générales
  • Ce quiz a été pris 299 fois
  • Le résultat moyen est 41 sur 113
Statistiques - réponses
Classement Nationalité Nb de victoires Réponse % Correct
1 Royaume-Unis 103 Hamilton
100%
5 Pays-Bas 48 Verstappen
98%
2 Allemagne 91 M.Schumacher
96%
47 Allemagne 6 R.Schumacher
96%
7 Espagne 32 Alonso
95%
4 France 51 Prost
94%
6 Brésil 41 Senna
94%
3 Allemagne 53 Vettel
93%
109 France 1 Gasly
87%
51 Monaco 5 Leclerc
85%
110 France 1 Ocon
85%
16 Finlande 21 Raikkonen
83%
44 Canada 6 G.Villeneuve
77%
28 Canada 11 J.Villeneuve
77%
48 Mexique 6 Perez
77%
52 Finlande 5 K.Rosberg
76%
13 Allemagne 23 N.Rosberg
76%
11 Autriche 25 Lauda
75%
39 Australie 8 Ricciardo
75%
12 Argentine 24 Fangio
74%
78 Espagne 2 Sainz
74%
35 Finlande 10 Bottas
72%
17 Finlande 20 Hakkinen
72%
19 Royaume-Unis 15 Button
71%
15 Royaume-Unis 22 D.Hill
69%
22 Royaume-Unis 14 G.Hill
69%
61 Royaume-Unis 3 P.Hill
69%
103 Royaume-Unis 1 Russel
66%
14 Brésil 23 Piquet
65%
107 Allemagne 1 Mass
62%
23 Italie 13 Ascari
56%
8 Royaume-Unis 31 Mansell
56%
36 Australie 9 Webber
56%
21 Brésil 14 Fittipaldi
53%
9 Royaume-Unis 27 Stewart
52%
29 Brésil 11 Massa
50%
30 Brésil 11 Barrichello
48%
112 France 1 Alesi
47%
10 Royaume-Unis 25 Clark
45%
31 Royaume-Unis 10 Hunt
45%
26 Etats-Unis 12 Andretti
44%
20 Australie 14 Brabham
44%
50 Italie 5 Farina
44%
104 Venezuela 1 Maldonado
42%
111 France 1 Panis
40%
32 Afrique du Sud 10 Scheckter
38%
40 Colombie 7 Montoya
37%
38 Belgique 8 Ickx
36%
105 Pologne 1 Kubica
36%
43 Autriche 6 Rindt
35%
24 Royaume-Unis 13 Coulthard
34%
25 Australie 12 Jones
34%
57 Nouvelle-Zélande 4 McLaren
34%
46 France 6 Laffite
32%
37 Nouvelle-Zélande 8 Hulme
31%
41 France 7 Arnoux
28%
71 France 2 Jabouille
28%
108 Finlande 1 Kovalainen
26%
18 Royaume-Unis 16 Moss
26%
34 Autriche 10 Berger
25%
66 Italie 3 Fisichella
25%
62 France 3 Pironi
25%
113 Italie 1 Trulli
24%
33 Suède 10 Peterson
23%
27 Argentine 12 Reutemann
22%
77 France 2 Tambay
21%
73 France 2 Trintignant
21%
96 France 1 Cevert
19%
49 Italie 6 Patresse
19%
74 France 2 Depailler
18%
65 Belgique 3 Boutsen
17%
53 Suisse 5 Regazonni
17%
55 Italie 5 Alboreto
16%
42 Royaume-Unis 6 Brooks
14%
102 France 1 Beltoise
13%
76 Italie 2 De Angelis
13%
63 Allemagne 3 Frentzen
13%
72 Mexique 2 Rodriguez
13%
54 Royaume-Unis 5 Watson
13%
59 Royaume-Unis 3 Collins
12%
101 Italie 1 Nannini
11%
56 Etats-Unis 4 Gurney
10%
94 Suède 1 Nilsson
10%
75 Suisse 2 Siffert
10%
64 Royaume-Unis 3 Herbert
9%
99 Bresil 1 Pace
9%
70 Etats-Unis 2 Revson
8%
98 Etats-Unis 1 Ginther
7%
90 Italie 1 Taruffi
7%
95 Italie 1 Bandini
6%
106 Suède 1 Bonnier
6%
100 Italie 1 Brambilla
6%
68 Argentine 2 Gonzales
6%
92 Italie 1 Musso
6%
45 Royaume-Unis 6 Surtess
6%
91 Italie 1 Baghetti
5%
82 Italie 1 Fagioli
5%
93 Royaume-Unis 1 Gethin
5%
67 Etats-Unis 2 Vukovich
5%
84 Etats-Unis 1 Hanks
4%
60 Royaume-Unis 3 Hawtorn
4%
81 Etats-Unis 1 Flaherty
3%
97 Royaume-Unis 1 Ireland
3%
88 Etats-Unis 1 Rathmann
3%
79 Etats-Unis 1 Wallard
3%
89 Etats-Unis 1 Ward
3%
86 Etats-Unis 1 Bryan
2%
58 Royaume-Unis 4 Ivrine
2%
85 Etats-Unis 1 Parsons
2%
83 Etats-Unis 1 Ruttman
2%
80 Etats-Unis 1 Sweikert
1%
87 Italie 1 Scarflotti
0%
69 Allemagne 2 Von Tripes
0%
Aucun quiz correspondant
Distribution des résultats
% des personnes avec chaque résultat
Percentile par nombre de réponses
Votre historique - résultats
Vous n’avez pas pris ce quiz